Southville International School and Colleges
Your cart is empty.
  • Cart
  • Lists
    Public lists Eva Luna New books Lux_list list_1
    Your lists Log in to create your own lists
  • Log in to your account
  • Your cookies
  • Search history
Southville International School and Colleges
  • Advanced search
  • Recent comments
  • Most popular
  • Libraries

Log in to your account

Log in with GOOGLE


If you do not have an external account, but do have a local account, you can still log in:

  1. Home
  2. MARC view: So This Is Love :
Normal view MARC view ISBD view

So This Is Love : (Record no. 368576)

[ view plain ]
MARC details
000 -LEADER
fixed length control field 01119nam a22002537a 4500
003 - CONTROL NUMBER IDENTIFIER
control field 0
005 - DATE AND TIME OF LATEST TRANSACTION
control field 20251111133937.0
008 - FIXED-LENGTH DATA ELEMENTS--GENERAL INFORMATION
fixed length control field 251111b xxu||||| |||| 00| 0 eng d
020 ## - INTERNATIONAL STANDARD BOOK NUMBER
International Standard Book Number 978-1-80022-219-9
050 ## - LIBRARY OF CONGRESS CALL NUMBER
Classification number PZ 7
Item number .L56 So 2021
100 ## - MAIN ENTRY--PERSONAL NAME
Personal name Lim, Elizabeth,
Relator term author
245 ## - TITLE STATEMENT
Title So This Is Love :
Remainder of title a twisted tale /
Statement of responsibility, etc Elizabeth Lim.
260 ## - PUBLICATION, DISTRIBUTION, ETC. (IMPRINT)
Place of publication, distribution, etc London :
Name of publisher, distributor, etc Autumn Publishing,
Date of publication, distribution, etc 2021.
300 ## - PHYSICAL DESCRIPTION
Extent 415 pages ;
Dimensions 20 cm.
490 ## - SERIES STATEMENT
Series statement A twisted tale
500 ## - GENERAL NOTE
General note No ISBN; part of the box set ISBN 978-1-80022-219-9.<br/>This title is one of three in the box set: So This Is Love, Straight On Till Morning, Let It Go. Box set ISBN: 978-1-80022-219-9.<br/>Part of the Disney Twisted Tale series.
520 ## - SUMMARY, ETC.
Summary, etc A young adult retelling of a classic story, presenting an alternative twist on the original tale, featuring Elizabeth Lim’s adaptation with imaginative narrative and illustrations.
650 ## - SUBJECT ADDED ENTRY--TOPICAL TERM
Topical term or geographic name as entry element Fantasy fiction
Form subdivision Juvenile.
650 ## - SUBJECT ADDED ENTRY--TOPICAL TERM
Topical term or geographic name as entry element Fairy tales
Form subdivision Juvenile fiction.
650 ## - SUBJECT ADDED ENTRY--TOPICAL TERM
Topical term or geographic name as entry element Romance fiction
Form subdivision Juvenile.
650 ## - SUBJECT ADDED ENTRY--TOPICAL TERM
Topical term or geographic name as entry element Young adult literature.
830 ## - SERIES ADDED ENTRY--UNIFORM TITLE
Uniform title A twisted tale.
942 ## - ADDED ENTRY ELEMENTS (KOHA)
Source of classification or shelving scheme Library of Congress Classification
Koha item type Books
Holdings
Withdrawn status Lost status Source of classification or shelving scheme Damaged status Home library Current library Shelving location Date acquired Source of acquisition Total Checkouts Full call number Barcode Date last seen Date checked out Price effective from Koha item type
    Library of Congress Classification   Luxembourg Library Luxembourg Library Fiction Section 11/19/2024 Library Fund 2 PZ 7 .L56 So 2021 21334 11/11/2025 11/11/2025 11/11/2025 Books

So This Is Love :

APA

Lim E., . (2021). So This Is Love. London: Autumn Publishing.

Chicago

Lim Elizabeth, . 2021. So This Is Love. London: Autumn Publishing.

Harvard

Lim E., . (2021). So This Is Love. London: Autumn Publishing.

MLA

Lim Elizabeth, . So This Is Love. London: Autumn Publishing. 2021.

  • Place hold
  • Print
  • Cite
  • Add to your cart (remove)
  • Save record
    BIBTEX Dublin Core MARCXML MARC (non-Unicode/MARC-8) MARC (Unicode/UTF-8) MARC (Unicode/UTF-8, Standard) MODS (XML) RIS
  • More searches
    Search for this title in:
    Other Libraries (WorldCat) Other Databases (Google Scholar) Online Stores (Bookfinder.com) Open Library (openlibrary.org)

Exporting to Dublin Core...

SOUTHVILLE LIBRARY

Southville International School and Colleges Library

1281 Tropical Ave. Cor. Luxembourg St., BF Homes International, Las Pinas City

Tel. No. 8256374 / 252358 Loc. 117/146

Powered by Koha